• 首页
  • 本馆介绍
  • 公告通知
  • 最新文献
  • 馆藏检索
  • 电子资源
  • 读者导购
  • 参考咨询
  • 我的图书馆
  • 登录
  • 详细信息显示
  • 放入我的书架
  • 预约/预借图书
  • 作者相关作品
  • 分类相关作品
  • 丛书相关作品
  • 出版社相关作品

书目信息

  • 表格格式
  • 工作单格式
  • 卡片格式
书名: The diversity of Scripture
作者: Paul D. Hanson.
分册号:
分册名:
出版地: Philadelphia :
 
出版社: Fortress Press
出版时间: c1982.
页数: xviii, 157 p. ;
开本: 22 cm.
丛书名: Overtures to Biblical theology
中图分类号:
科图分类号:
其他分类号: B91
主题词:
电子资源:
000 00871pam a2200277 a 450
001 E0756012097
005 20070711154030.25
008 810928s1982 pau b 001 0 eng
010    @a81043079
020    @a0800615352 (pbk.) :@cCNY8.95.
035    @A(DLC) 81043079
040    @aDLC@cDLC@dDLC
050 00 @aBS543@b.H35 1982
082 00 @a230@2 19
090    @aB91
099    @dB91@ex61
100 1  @aHanson, Paul D.
245 14 @aThe diversity of Scripture :@ba theological interpretation / @cPaul D. Hanson.
260    @aPhiladelphia :@bFortress Press,@cc1982.
300    @axviii, 157 p. ;@c22 cm.
440  0 @aOvertures to Biblical theology ;@v11
500    @aIncludes indexes.
504    @aBibliography: p. 148-153.
630 00 @aBible@xTheology.
906    @a7@bcbc@corignew@d1@eocip@f19@gy-gencatlg
991    @bc-GenColl@hBS543@i.H35 1982@tCopy 1@wBOOKS
    
    The diversity of Scripture : : a theological interpretation / / Paul D. Hanson.-Philadelphia : : Fortress Press, , c1982.
    xviii, 157 p. ; ; 22 cm.- (Overtures to Biblical theology ; 11 )
    Includes indexes.-Bibliography: p. 148-153.
    
    ISBN 0800615352 (pbk.) :CNY8.95.
    
●
相关链接 在E读中查询图书 在五车中查询图书 在当当中查询图书 在豆瓣中查询图书


正题名:diversity of Scripture     索取号:B91/x61         预约/预借

序号 登录号 条形码 馆藏地/架位号 状态 备注
1 0011845   300118450   第二样本阅览室/ [索取号:B91/x61] 在馆    
唐山师范学院图书馆 欢迎您!
大连网信软件有限公司© 版权所有